[Event "Torneo de Navidad Base y Senior - Casino Primitivo"]
[Site "Calle Maestra 3 (Palacio de Cultura) - Jaén, Spain"]
[Date "2023.12.16"]
[Round "6.5"]
[White "Sanchez Escabias, Manuel"]
[Black "Abdul-Razeque Virloto, Ismael"]
[Result "1-0"]
[TimeControl "10´ + 5\""]
[WhiteFideId "54506018"]
[BlackFideId "54598567"]
[WhiteElo "1635"]
[BlackElo "1610"]

1. d4 {[%clk 00:10:07]} {[%emt 00:00:02]} e6 {[%clk 00:10:09]} {[%emt
00:00:02]} 2. Nf3 {[%clk 00:10:09]} {[%emt 00:00:03]} Nf6 {[%clk 00:10:11]}
{[%emt 00:00:02]} 3. e3 {[%clk 00:10:13]} {[%emt 00:00:02]} d5 {[%clk
00:10:14]} {[%emt 00:00:02]} 4. Bd3 {[%clk 00:10:17]} {[%emt 00:00:02]} Nbd7
{[%clk 00:10:12]} {[%emt 00:00:06]} 5. O-O {[%clk 00:10:19]} {[%emt 00:00:03]}
Be7 {[%clk 00:10:03]} {[%emt 00:00:14]} 6. Nbd2 {[%clk 00:10:22]} {[%emt
00:00:02]} c5 {[%clk 00:09:53]} {[%emt 00:00:15]} 7. c3 {[%clk 00:10:15]}
{[%emt 00:00:12]} b6 {[%clk 00:09:55]} {[%emt 00:00:03]} 8. Qe2 {[%clk
00:10:18]} {[%emt 00:00:02]} Bb7 {[%clk 00:09:41]} {[%emt 00:00:19]} 9. Re1
{[%clk 00:10:00]} {[%emt 00:00:23]} Ne4 {[%clk 00:09:28]} {[%emt 00:00:18]} 10.
Bc2 {[%clk 00:09:24]} {[%emt 00:00:40]} f5 {[%clk 00:09:30]} {[%emt 00:00:03]}
11. Ne5 {[%clk 00:08:42]} {[%emt 00:00:47]} Nxe5 {[%clk 00:09:17]} {[%emt
00:00:18]} 12. dxe5 {[%clk 00:08:44]} {[%emt 00:00:03]} O-O {[%clk 00:09:09]}
{[%emt 00:00:13]} 13. f3 {[%clk 00:07:44]} {[%emt 00:01:05]} Nxd2 {[%clk
00:08:02]} {[%emt 00:01:12]} 14. Bxd2 {[%clk 00:07:26]} {[%emt 00:00:22]} a5
{[%clk 00:06:49]} {[%emt 00:01:18]} 15. Rad1 {[%clk 00:07:16]} {[%emt
00:00:16]} Qc7 {[%clk 00:06:51]} {[%emt 00:00:03]} 16. f4 {[%clk 00:07:04]}
{[%emt 00:00:17]} d4 {[%clk 00:06:27]} {[%emt 00:00:29]} 17. exd4 {[%clk
00:06:38]} {[%emt 00:00:30]} cxd4 {[%clk 00:06:28]} {[%emt 00:00:04]} 18. Bb3
{[%clk 00:06:41]} {[%emt 00:00:03]} Qc6 {[%clk 00:05:44]} {[%emt 00:00:49]} 19.
cxd4 {[%clk 00:06:09]} {[%emt 00:00:37]} Rfd8 {[%clk 00:05:36]} {[%emt
00:00:13]} 20. Rc1 {[%clk 00:05:49]} {[%emt 00:00:26]} Qd7 {[%clk 00:05:37]}
{[%emt 00:00:04]} 21. Be3 {[%clk 00:05:45]} {[%emt 00:00:09]} Bb4 {[%clk
00:05:21]} {[%emt 00:00:21]} 22. Red1 {[%clk 00:05:18]} {[%emt 00:00:32]} a4
{[%clk 00:04:45]} {[%emt 00:00:40]} 23. Bc4 {[%clk 00:05:14]} {[%emt 00:00:08]}
Bc6 {[%clk 00:04:21]} {[%emt 00:00:30]} 24. a3 {[%clk 00:04:58]} {[%emt
00:00:22]} Be7 {[%clk 00:04:00]} {[%emt 00:00:25]} 25. Rd2 {[%clk 00:04:57]}
{[%emt 00:00:07]} b5 {[%clk 00:03:44]} {[%emt 00:00:22]} 26. Bd3 {[%clk
00:04:37]} {[%emt 00:00:25]} b4 {[%clk 00:03:29]} {[%emt 00:00:20]} 27. axb4
{[%clk 00:04:15]} {[%emt 00:00:27]} Bxb4 {[%clk 00:03:31]} {[%emt 00:00:02]} 28.
Rdc2 {[%clk 00:04:19]} {[%emt 00:00:01]} Rac8 {[%clk 00:02:45]} {[%emt
00:00:51]} 29. Rc4 {[%clk 00:03:58]} {[%emt 00:00:26]} Ba5 {[%clk 00:02:04]}
{[%emt 00:00:46]} 30. Qc2 {[%clk 00:03:39]} {[%emt 00:00:24]} Bb7 {[%clk
00:01:49]} {[%emt 00:00:20]} 31. Qd1 {[%clk 00:03:05]} {[%emt 00:00:39]} Rxc4
{[%clk 00:01:05]} {[%emt 00:00:49]} 32. Rxc4 {[%clk 00:02:57]} {[%emt
00:00:13]} Qd5 {[%clk 00:00:39]} {[%emt 00:00:31]} 33. Qe2 {[%clk 00:02:29]}
{[%emt 00:00:33]} Bb6 {[%clk 00:00:30]} {[%emt 00:00:14]} 34. Rxa4 {[%clk
00:02:09]} {[%emt 00:00:25]} Rc8 {[%clk 00:00:16]} {[%emt 00:00:18]} 35. Rc4
{[%clk 00:02:13]} {[%emt 00:00:02]} Rxc4 {[%clk 00:00:13]} {[%emt 00:00:08]} 36.
Bxc4 {[%clk 00:02:16]} {[%emt 00:00:03]} Qd7 {[%clk 00:00:16]} {[%emt
00:00:02]} 37. b3 {[%clk 00:01:54]} {[%emt 00:00:27]} Kf7 {[%clk 00:00:19]}
{[%emt 00:00:01]} 38. Qh5+ {[%clk 00:01:47]} {[%emt 00:00:12]} Kf8 {[%clk
00:00:13]} {[%emt 00:00:11]} 39. Qxh7 {[%clk 00:01:46]} {[%emt 00:00:07]} Bxd4
{[%clk 00:00:15]} {[%emt 00:00:03]} 40. Qh3 {[%clk 00:01:26]} {[%emt 00:00:25]}
Bxe3+ {[%clk 00:00:18]} {[%emt 00:00:03]} 41. Qxe3 {[%clk 00:01:29]} Qd1+
{[%clk 00:00:21]} {[%emt 00:00:02]} 42. Kf2 {[%clk 00:01:31]} {[%emt 00:00:03]}
Qc2+ {[%clk 00:00:22]} {[%emt 00:00:04]} 43. Qe2 {[%clk 00:01:27]} {[%emt
00:00:10]} Qc3 {[%clk 00:00:10]} {[%emt 00:00:17]} 44. h3 {[%clk 00:01:19]}
{[%emt 00:00:13]} Ke7 {[%clk 00:00:12]} {[%emt 00:00:02]} 45. Qd3 {[%clk
00:01:18]} {[%emt 00:00:06]} Qb2+ {[%clk 00:00:15]} {[%emt 00:00:03]} 46. Qe2
{[%clk 00:01:18]} {[%emt 00:00:05]} Qd4+ {[%clk 00:00:18]} {[%emt 00:00:02]} 47.
Kf1 {[%clk 00:01:21]} {[%emt 00:00:02]} Qa1+ {[%clk 00:00:20]} {[%emt
00:00:03]} 48. Qe1 {[%clk 00:01:19]} {[%emt 00:00:07]} Qd4 {[%clk 00:00:23]}
{[%emt 00:00:02]} 49. Qb4+ {[%clk 00:01:20]} {[%emt 00:00:04]} Kf7 {[%clk
00:00:22]} {[%emt 00:00:06]} 50. Qxb7+ {[%clk 00:01:23]} {[%emt 00:00:02]} Kg6
{[%clk 00:00:26]} {[%emt 00:00:01]} 51. Qf3 {[%clk 00:01:24]} {[%emt 00:00:04]}
1-0

[Event "Torneo de Navidad Base y Senior - Casino Primitivo"]
[Site "Calle Maestra 3 (Palacio de Cultura) - Jaén, Spain"]
[Date "2023.12.16"]
[Round "6.7"]
[White "Cano Padilla, Ruben Jesus"]
[Black "Cobo Montejo, Miguel Angel"]
[Result "0-1"]
[TimeControl "10´ + 5\""]
[WhiteFideId "2253526"]
[BlackFideId "2276100"]
[WhiteElo "1850"]
[BlackElo "2015"]

1. d4 {[%clk 00:10:07]} {[%emt 00:00:02]} Nf6 {[%clk 00:10:07]} {[%emt
00:00:03]} 2. Nf3 {[%clk 00:10:11]} {[%emt 00:00:01]} e6 {[%clk 00:10:08]}
{[%emt 00:00:04]} 3. c4 {[%clk 00:10:14]} {[%emt 00:00:02]} Bb4+ {[%clk
00:10:08]} {[%emt 00:00:05]} 4. Bd2 {[%clk 00:10:16]} {[%emt 00:00:03]} Qe7
{[%clk 00:10:06]} {[%emt 00:00:07]} 5. a3 {[%clk 00:10:06]} {[%emt 00:00:15]}
Bxd2+ {[%clk 00:10:06]} {[%emt 00:00:05]} 6. Nbxd2 {[%clk 00:10:03]} {[%emt
00:00:08]} d6 {[%clk 00:09:46]} {[%emt 00:00:25]} 7. e4 {[%clk 00:09:37]}
{[%emt 00:00:31]} e5 {[%clk 00:09:42]} {[%emt 00:00:09]} 8. d5 {[%clk
00:07:53]} {[%emt 00:01:48]} a5 {[%clk 00:08:56]} {[%emt 00:00:52]} 9. b4
{[%clk 00:06:07]} {[%emt 00:01:52]} axb4 {[%clk 00:08:59]} {[%emt 00:00:02]} 10.
axb4 {[%clk 00:06:10]} {[%emt 00:00:01]} Rxa1 {[%clk 00:09:00]} {[%emt
00:00:03]} 11. Qxa1 {[%clk 00:06:14]} {[%emt 00:00:01]} O-O {[%clk 00:08:46]}
{[%emt 00:00:19]} 12. Be2 {[%clk 00:04:36]} {[%emt 00:01:43]} Na6 {[%clk
00:08:44]} {[%emt 00:00:07]} 13. Qc3 {[%clk 00:04:15]} {[%emt 00:00:25]} Nh5
{[%clk 00:06:22]} {[%emt 00:02:28]} 14. O-O {[%clk 00:04:18]} {[%emt 00:00:02]}
Nf4 {[%clk 00:06:20]} {[%emt 00:00:07]} 15. Re1 {[%clk 00:04:07]} {[%emt
00:00:16]} f5 {[%clk 00:04:33]} {[%emt 00:01:52]} 16. Bf1 {[%clk 00:03:22]}
{[%emt 00:00:50]} fxe4 {[%clk 00:04:11]} {[%emt 00:00:28]} 17. Nxe4 {[%clk
00:03:25]} {[%emt 00:00:03]} Bg4 {[%clk 00:04:01]} {[%emt 00:00:15]} 18. c5
{[%clk 00:01:15]} {[%emt 00:02:14]} Nh3+ {[%clk 00:03:23]} {[%emt 00:00:42]} 19.
gxh3 {[%clk 00:01:01]} {[%emt 00:00:20]} Bxf3 {[%clk 00:03:11]} {[%emt
00:00:17]} 20. cxd6 {[%clk 00:01:01]} {[%emt 00:00:05]} cxd6 {[%clk 00:03:10]}
{[%emt 00:00:05]} 21. Bg2 {[%clk 00:00:45]} {[%emt 00:00:21]} Bxg2 {[%clk
00:02:13]} {[%emt 00:01:02]} 22. Kxg2 {[%clk 00:00:49]} {[%emt 00:00:01]} Rf4
{[%clk 00:02:04]} {[%emt 00:00:14]} 23. b5 {[%clk 00:00:09]} {[%emt 00:00:45]}
Nc7 {[%clk 00:01:37]} {[%emt 00:00:32]} 24. Qc4 {[%emt 00:00:09]} Na6 {[%emt
00:00:47]} 25. Qc3 {[%emt 00:00:01]} Nc7 26. b6 {[%emt 00:00:02]} Nxd5 {[%emt
00:00:01]} 27. Qc8+ {[%emt 00:00:02]} Nc7 {[%emt 00:00:07]} 0-1

[Event "Torneo de Navidad Base y Senior - Casino Primitivo"]
[Site "Calle Maestra 3 (Palacio de Cultura) - Jaén, Spain"]
[Date "2023.12.16"]
[Round "7.1"]
[White "Alvarez Fernandez, Carlos Rene"]
[Black "Sanchez Escabias, Manuel"]
[Result "1-0"]
[TimeControl "10´ + 5\""]
[WhiteFideId "3501507"]
[BlackFideId "54506018"]
[WhiteElo "2298"]
[BlackElo "1635"]

1. d4 {[%clk 00:10:06]} {[%emt 00:00:03]} d5 {[%clk 00:10:09]} {[%emt
00:00:02]} 2. c4 {[%clk 00:10:09]} {[%emt 00:00:03]} e6 {[%clk 00:10:13]}
{[%emt 00:00:01]} 3. cxd5 {[%clk 00:10:05]} {[%emt 00:00:09]} exd5 {[%clk
00:10:16]} {[%emt 00:00:02]} 4. Nc3 {[%clk 00:10:08]} {[%emt 00:00:02]} h6
{[%clk 00:09:48]} {[%emt 00:00:33]} 5. Bf4 {[%clk 00:09:52]} {[%emt 00:00:21]}
Bd6 {[%clk 00:09:21]} {[%emt 00:00:32]} 6. Nxd5 {[%clk 00:09:36]} {[%emt
00:00:21]} Be6 {[%clk 00:08:57]} {[%emt 00:00:29]} 7. Bxd6 {[%clk 00:09:15]}
{[%emt 00:00:26]} cxd6 {[%clk 00:08:51]} {[%emt 00:00:10]} 8. Nc3 {[%clk
00:09:13]} {[%emt 00:00:06]} Nf6 {[%clk 00:08:48]} {[%emt 00:00:08]} 9. e4
{[%clk 00:08:52]} {[%emt 00:00:26]} O-O {[%clk 00:08:48]} {[%emt 00:00:06]} 10.
f3 {[%clk 00:08:49]} {[%emt 00:00:08]} Nbd7 {[%clk 00:08:45]} {[%emt 00:00:08]}
11. d5 {[%clk 00:08:50]} {[%emt 00:00:04]} Re8 {[%clk 00:07:21]} {[%emt
00:01:29]} 12. dxe6 {[%clk 00:08:52]} {[%emt 00:00:03]} Rxe6 {[%clk 00:07:25]}
{[%emt 00:00:01]} 1-0

[Event "Torneo de Navidad Base y Senior - Casino Primitivo"]
[Site "Calle Maestra 3 (Palacio de Cultura) - Jaén, Spain"]
[Date "2023.12.16"]
[Round "7.2"]
[White "Lopez Munoz, Miguel Angel"]
[Black "Martos Exposito, Manuel"]
[Result "1/2-1/2"]
[TimeControl "10´ + 5\""]
[WhiteFideId "2245116"]
[BlackFideId "2206951"]
[WhiteElo "1802"]
[BlackElo "1952"]

1. e4 {[%clk 00:10:06]} {[%emt 00:00:03]} b6 {[%clk 00:10:09]} {[%emt
00:00:02]} 2. Nc3 {[%clk 00:10:07]} {[%emt 00:00:05]} Bb7 {[%clk 00:10:13]} 3.
d3 {[%clk 00:10:09]} {[%emt 00:00:02]} d6 {[%clk 00:10:00]} {[%emt 00:00:18]} 4.
Be3 {[%clk 00:10:09]} {[%emt 00:00:05]} Nd7 {[%clk 00:10:03]} {[%emt 00:00:02]}
5. Qd2 {[%clk 00:10:06]} {[%emt 00:00:08]} a6 {[%clk 00:10:06]} {[%emt
00:00:03]} 6. Nge2 {[%clk 00:10:05]} {[%emt 00:00:05]} g6 {[%clk 00:09:56]}
{[%emt 00:00:14]} 7. Ng3 {[%clk 00:10:08]} {[%emt 00:00:02]} Bg7 {[%clk
00:09:53]} {[%emt 00:00:09]} 8. Be2 {[%clk 00:10:09]} {[%emt 00:00:03]} h6
{[%clk 00:09:44]} {[%emt 00:00:14]} 9. Bf3 {[%clk 00:10:12]} {[%emt 00:00:02]}
e6 {[%clk 00:09:27]} {[%emt 00:00:23]} 10. Rb1 {[%clk 00:10:14]} {[%emt
00:00:03]} Ne7 {[%clk 00:09:15]} {[%emt 00:00:16]} 11. h3 {[%clk 00:10:16]}
{[%emt 00:00:03]} Nc6 {[%clk 00:08:47]} {[%emt 00:00:34]} 12. a3 {[%clk
00:10:17]} {[%emt 00:00:04]} Nd4 {[%clk 00:08:35]} {[%emt 00:00:16]} 13. Bd1
{[%clk 00:10:13]} {[%emt 00:00:09]} Qe7 {[%clk 00:07:48]} {[%emt 00:00:51]} 14.
Nce2 {[%clk 00:10:16]} {[%emt 00:00:03]} Nc6 {[%clk 00:07:22]} {[%emt
00:00:31]} 15. c3 {[%clk 00:10:17]} {[%emt 00:00:04]} e5 {[%clk 00:07:12]}
{[%emt 00:00:15]} 16. Bb3 {[%clk 00:10:18]} {[%emt 00:00:04]} O-O-O {[%clk
00:06:38]} {[%emt 00:00:39]} 17. Bd5 {[%clk 00:09:45]} {[%emt 00:00:38]} Nf6
{[%clk 00:06:20]} {[%emt 00:00:24]} 18. c4 {[%clk 00:09:42]} {[%emt 00:00:09]}
h5 {[%clk 00:06:14]} {[%emt 00:00:11]} 19. b4 {[%clk 00:09:39]} {[%emt
00:00:08]} h4 {[%clk 00:05:42]} {[%emt 00:00:36]} 20. Nf1 {[%clk 00:09:41]}
{[%emt 00:00:03]} Nb8 {[%clk 00:05:43]} {[%emt 00:00:04]} 21. Bxb7+ {[%clk
00:09:30]} {[%emt 00:00:16]} Kxb7 {[%clk 00:05:47]} {[%emt 00:00:01]} 22. c5
{[%clk 00:09:33]} {[%emt 00:00:02]} d5 {[%clk 00:05:44]} {[%emt 00:00:08]} 23.
exd5 {[%clk 00:09:21]} {[%emt 00:00:17]} Nxd5 {[%clk 00:05:31]} {[%emt
00:00:18]} 24. cxb6 {[%clk 00:09:17]} {[%emt 00:00:09]} cxb6 {[%clk 00:05:31]}
{[%emt 00:00:05]} 25. Nc3 {[%clk 00:09:05]} {[%emt 00:00:17]} Nf4 {[%clk
00:05:30]} {[%emt 00:00:06]} 26. Bxf4 {[%clk 00:08:10]} {[%emt 00:01:00]} exf4+
{[%clk 00:05:31]} {[%emt 00:00:04]} 27. Ne2 {[%clk 00:07:56]} {[%emt 00:00:19]}
Rhe8 {[%clk 00:05:16]} {[%emt 00:00:19]} 28. Kd1 {[%clk 00:07:55]} {[%emt
00:00:06]} g5 {[%clk 00:04:57]} {[%emt 00:00:24]} 29. Nh2 {[%clk 00:07:21]}
{[%emt 00:00:40]} Nc6 {[%clk 00:04:27]} {[%emt 00:00:36]} 30. Nf3 {[%clk
00:07:17]} {[%emt 00:00:08]} Qd7 {[%clk 00:04:03]} {[%emt 00:00:29]} 31. Rb3
{[%clk 00:07:09]} {[%emt 00:00:13]} f5 {[%clk 00:04:00]} {[%emt 00:00:08]} 32.
Nxg5 {[%clk 00:07:07]} {[%emt 00:00:06]} Rxe2 {[%clk 00:03:49]} {[%emt
00:00:16]} 33. Qxe2 {[%clk 00:07:01]} {[%emt 00:00:12]} Nd4 {[%clk 00:03:51]}
{[%emt 00:00:03]} 34. Qa2 {[%clk 00:06:50]} {[%emt 00:00:16]} Nxb3 {[%clk
00:03:24]} {[%emt 00:00:32]} 35. Qxb3 {[%clk 00:06:52]} {[%emt 00:00:02]} Qxd3+
{[%clk 00:03:24]} {[%emt 00:00:06]} 36. Qxd3 {[%clk 00:06:53]} {[%emt
00:00:04]} Rxd3+ {[%clk 00:03:28]} 37. Ke2 {[%clk 00:06:52]} {[%emt 00:00:07]}
Rxa3 {[%clk 00:03:29]} {[%emt 00:00:04]} 38. Rd1 {[%clk 00:06:54]} {[%emt
00:00:02]} Bc3 {[%clk 00:03:26]} {[%emt 00:00:08]} 39. Rb1 {[%clk 00:06:41]}
{[%emt 00:00:19]} Bf6 {[%clk 00:03:19]} {[%emt 00:00:11]} 40. Ne6 {[%clk
00:06:39]} {[%emt 00:00:06]} f3+ {[%clk 00:03:12]} {[%emt 00:00:13]} 41. gxf3
{[%clk 00:06:40]} {[%emt 00:00:04]} a5 {[%emt 00:00:58]} 1/2-1/2

[Event "Torneo de Navidad Base y Senior - Casino Primitivo"]
[Site "Calle Maestra 3 (Palacio de Cultura) - Jaén, Spain"]
[Date "2023.12.16"]
[Round "7.3"]
[White "Barruz Serrano, Antonio Angel"]
[Black "Molina Colmenero, Jose"]
[Result "1-0"]
[TimeControl "10´ + 5\""]
[WhiteFideId "2287994"]
[BlackFideId "22226702"]
[WhiteElo "1895"]
[BlackElo "1758"]

1. c4 {[%clk 00:10:04]} {[%emt 00:00:06]} c6 {[%clk 00:10:08]} {[%emt
00:00:02]} 2. Nc3 {[%clk 00:10:08]} {[%emt 00:00:01]} d5 {[%clk 00:10:12]}
{[%emt 00:00:01]} 3. d4 {[%clk 00:10:00]} {[%emt 00:00:12]} Nf6 {[%clk
00:10:09]} {[%emt 00:00:09]} 4. Nf3 {[%clk 00:09:55]} {[%emt 00:00:10]} e6
{[%clk 00:10:07]} {[%emt 00:00:07]} 5. g3 {[%clk 00:09:52]} {[%emt 00:00:09]}
Be7 {[%clk 00:09:39]} {[%emt 00:00:33]} 6. Bg2 {[%clk 00:09:55]} {[%emt
00:00:01]} O-O {[%clk 00:09:37]} {[%emt 00:00:07]} 7. O-O {[%clk 00:09:32]}
{[%emt 00:00:27]} dxc4 {[%clk 00:09:40]} {[%emt 00:00:03]} 8. a4 {[%clk
00:09:34]} {[%emt 00:00:03]} Nd5 {[%clk 00:09:25]} {[%emt 00:00:20]} 9. Ne5
{[%clk 00:09:27]} {[%emt 00:00:12]} Nd7 {[%clk 00:08:17]} {[%emt 00:01:14]} 10.
Nxc4 {[%clk 00:09:29]} {[%emt 00:00:03]} Nxc3 {[%clk 00:07:26]} {[%emt
00:00:56]} 11. bxc3 {[%clk 00:09:31]} {[%emt 00:00:02]} c5 {[%clk 00:07:27]}
{[%emt 00:00:05]} 12. Bd2 {[%clk 00:08:54]} {[%emt 00:00:41]} Nf6 {[%clk
00:06:37]} {[%emt 00:00:56]} 13. e3 {[%clk 00:08:43]} {[%emt 00:00:15]} Rb8
{[%clk 00:06:00]} {[%emt 00:00:43]} 14. a5 {[%clk 00:08:14]} {[%emt 00:00:33]}
Qc7 {[%clk 00:05:42]} {[%emt 00:00:23]} 15. Rc1 {[%clk 00:08:10]} {[%emt
00:00:08]} b5 {[%clk 00:05:37]} {[%emt 00:00:11]} 16. axb6 {[%clk 00:08:09]}
{[%emt 00:00:06]} axb6 {[%clk 00:05:41]} {[%emt 00:00:01]} 17. e4 {[%clk
00:07:43]} {[%emt 00:00:31]} Ba6 {[%clk 00:05:37]} {[%emt 00:00:09]} 18. Bf4
{[%clk 00:07:18]} {[%emt 00:00:30]} Qd8 {[%clk 00:04:37]} {[%emt 00:01:06]} 19.
Qb3 {[%clk 00:07:10]} {[%emt 00:00:13]} Bxc4 {[%clk 00:04:19]} {[%emt
00:00:23]} 20. Qxc4 {[%clk 00:07:12]} {[%emt 00:00:02]} b5 {[%clk 00:04:23]} 21.
Qb3 {[%clk 00:06:58]} {[%emt 00:00:19]} c4 {[%clk 00:04:12]} {[%emt 00:00:16]}
22. Qc2 {[%clk 00:06:58]} {[%emt 00:00:06]} Ra8 {[%clk 00:04:06]} {[%emt
00:00:12]} 23. Rb1 {[%clk 00:06:52]} {[%emt 00:00:10]} Qd7 {[%clk 00:03:24]}
{[%emt 00:00:47]} 24. Bg5 {[%clk 00:06:37]} {[%emt 00:00:20]} Ra5 {[%clk
00:03:20]} {[%emt 00:00:08]} 25. Rb2 {[%clk 00:06:12]} {[%emt 00:00:30]} b4
{[%clk 00:03:03]} {[%emt 00:00:23]} 26. Bxf6 {[%clk 00:06:09]} {[%emt
00:00:07]} b3 {[%clk 00:03:08]} {[%emt 00:00:01]} 27. Qe2 {[%clk 00:06:00]}
{[%emt 00:00:14]} Bxf6 {[%clk 00:03:09]} {[%emt 00:00:03]} 28. Qxc4 {[%clk
00:05:59]} {[%emt 00:00:07]} Rc8 {[%clk 00:01:54]} {[%emt 00:01:20]} 29. Qxb3
{[%clk 00:05:57]} {[%emt 00:00:07]} h6 {[%clk 00:01:49]} {[%emt 00:00:10]} 30.
Rd1 {[%clk 00:04:49]} {[%emt 00:01:13]} Qc7 {[%clk 00:01:39]} {[%emt 00:00:16]}
31. Rd3 {[%clk 00:04:22]} {[%emt 00:00:31]} Ra1+ {[%clk 00:01:03]} {[%emt
00:00:42]} 32. Rb1 {[%clk 00:04:18]} {[%emt 00:00:09]} Qa5 {[%clk 00:01:07]}
{[%emt 00:00:01]} 33. Rxa1 {[%clk 00:03:55]} {[%emt 00:00:28]} Qxa1+ {[%clk
00:01:11]} {[%emt 00:00:01]} 34. Bf1 {[%clk 00:03:58]} {[%emt 00:00:01]} Qe1
{[%clk 00:00:47]} {[%emt 00:00:29]} 35. Re3 {[%clk 00:03:47]} {[%emt 00:00:16]}
Qc1 {[%clk 00:00:46]} {[%emt 00:00:06]} 36. Rd3 {[%clk 00:03:22]} {[%emt
00:00:30]} Qe1 {[%clk 00:00:48]} {[%emt 00:00:03]} 37. e5 {[%clk 00:03:17]}
{[%emt 00:00:10]} Bg5 {[%clk 00:00:48]} {[%emt 00:00:05]} 38. c4 {[%clk
00:03:04]} {[%emt 00:00:17]} Qe4 {[%clk 00:00:43]} {[%emt 00:00:10]} 39. Rd1
{[%clk 00:02:58]} {[%emt 00:00:11]} Rd8 {[%clk 00:00:38]} {[%emt 00:00:10]} 40.
Qd3 {[%clk 00:02:54]} {[%emt 00:00:10]} Qb7 {[%clk 00:00:28]} {[%emt 00:00:15]}
41. Bg2 {[%clk 00:02:55]} {[%emt 00:00:03]} Qb2 {[%clk 00:00:25]} {[%emt
00:00:08]} 42. h4 {[%clk 00:02:53]} {[%emt 00:00:07]} Be7 {[%clk 00:00:26]}
{[%emt 00:00:05]} 43. Rd2 {[%clk 00:02:55]} {[%emt 00:00:02]} Qa1+ {[%clk
00:00:30]} {[%emt 00:00:02]} 44. Kh2 {[%clk 00:02:57]} {[%emt 00:00:03]} Bc5
{[%clk 00:00:28]} {[%emt 00:00:07]} 45. d5 {[%clk 00:02:52]} {[%emt 00:00:10]}
exd5 {[%clk 00:00:32]} {[%emt 00:00:01]} 46. Bxd5 {[%clk 00:02:38]} {[%emt
00:00:18]} Qxe5 {[%clk 00:00:36]} {[%emt 00:00:02]} 47. Bxf7+ {[%clk 00:02:37]}
{[%emt 00:00:05]} Kxf7 {[%clk 00:00:39]} {[%emt 00:00:02]} 48. Qxd8 {[%clk
00:02:40]} {[%emt 00:00:02]} Qe1 {[%clk 00:00:08]} {[%emt 00:00:36]} 49. Qd5+
{[%clk 00:02:00]} {[%emt 00:00:44]} Kg6 {[%clk 00:00:13]} {[%emt 00:00:01]} 50.
Kg2 {[%clk 00:02:01]} {[%emt 00:00:03]} Bb4 {[%clk 00:00:13]} {[%emt 00:00:06]}
51. Qd3+ {[%clk 00:01:59]} {[%emt 00:00:06]} Kf7 {[%clk 00:00:15]} {[%emt
00:00:04]} 52. Re2 {[%clk 00:02:01]} {[%emt 00:00:02]} Qa1 {[%clk 00:00:14]}
{[%emt 00:00:06]} 53. Qf5+ {[%clk 00:01:58]} {[%emt 00:00:08]} 1-0